Normal view
MARC view
- Hart, Peter. E, Stork, David.G
Entry Corporate Name
001 - CONTROL NUMBER
- control field: 112077
003 - CONTROL NUMBER IDENTIFIER
- control field: NUST
005 - DATE AND TIME OF LATEST TRANSACTION
- control field: 20230503151633.0
008 - FIXED-LENGTH DATA ELEMENTS
- fixed length control field: 230503|| aca||aabn | a|a d
040 ## - CATALOGING SOURCE
- Original cataloging agency: NUST
- Transcribing agency: NUST
110 ## - HEADING--CORPORATE NAME
- Corporate name or jurisdiction name as entry element: Hart, Peter. E, Stork, David.G
670 ## - SOURCE DATA FOUND
- Source citation: Work cat.: (NUST): Duda, Richard. O, 95532, Pattern Classification, 2014.
